| 000 | 00701nam a2200205Ii 4500 | ||
|---|---|---|---|
| 003 | JO-AjNU | ||
| 008 | 230605s9999||||xx |||||||||||||| ||und|| | ||
| 040 |
_aJO-AjNU _bara _erda _cJO-AjNU |
||
| 041 | _aara | ||
| 050 | 1 | 4 | _aM1797.A7 .S9222 2000 |
| 100 | 3 |
_a أنور رشيد،صبحي تأليف, _eauthor _97450 |
|
| 245 | 0 | 0 | _aمدخل الى تاريخ الغناء العربي |
| 250 | _aط1 | ||
| 264 | 3 | 1 | _aدمشق: دار علاء الدين للنشر والتوزيع والترجمة،2000 |
| 300 | _a143ص | ||
| 336 |
_atext _btxt _2rdacontent |
||
| 337 |
_aunmediated _bn _2rdamedia |
||
| 338 |
_avolume _bnc _2rdacarrier |
||
| 650 | 4 |
_aأغاني عربية - تاريخ ونقد _97451 |
|
| 999 |
_aA285 _c3853 _d3853 |
||